000 00637nam a22002177a 4500
999 _c20237
_d20237
003 AR-CdUCM
008 190307b ||||| |||| 00| 0 spa d
020 _a84-8280-099-X
040 _aMUNICIPALIDAD PROVINCIAL DEL CUSCO
_cBIBLIOTECA MUNICIPAL DEL CUSCO
082 _a848.8 /
_bD97
100 _aDumas, Alejandro
_92589
245 _aLas lobas de Machecoul /
260 _aBuenos Aires :
_bSopena,
_c1944.
300 _a185 paginas ;
_c25 cm.
505 _aContenido : Novela.
650 _aLiteratura francesa
_9913
650 _aNovela francesa
_92590
700 _aCoroleu, José
_942304
942 _2ddc
_cLIBROS
945 _arcc